logo

Bir Sreshtho Munshi Abdur Rouf Library
Jhenaidah Cadet College

গ্রীক ট্রাজেডি / (Record no. 8419)

MARC details
000 -LEADER
fixed length control field 00646nam a2200229 a 4500
001 - CONTROL NUMBER
JCCL Control Number 8419
003 - CONTROL NUMBER IDENTIFIER
JCCL marc code BD-JhCC
005 - DATE AND TIME OF LATEST TRANSACTION
control field 20180224112203.0
008 - FIXED-LENGTH DATA ELEMENTS--GENERAL INFORMATION
fixed length control field 171115s2003 bg |||| ||a| 000 0 ben d
020 ## - INTERNATIONAL STANDARD BOOK NUMBER
International Standard Book Number 9848102215
035 ## - SYSTEM CONTROL NUMBER
system control number (BD-JhCC)8419
040 ## - CATALOGING SOURCE
Original cataloging agency BD-JhCC
Modifying agency BD-JhCC
041 ## - LANGUAGE CODE
Language code of Book ben
082 ## - DEWEY DECIMAL CLASSIFICATION NUMBER
Classification number 938
Author mark and Year ALI 2003
100 ## - MAIN ENTRY--PERSONAL NAME
Personal name আলী, মোবাশ্বের
245 ## - TITLE STATEMENT
Title গ্রীক ট্রাজেডি /
Statement of responsibility, etc মোবাশ্বের আলী
260 ## - PUBLICATION, DISTRIBUTION, ETC. (IMPRINT)
Place of publication, distribution, etc ঢাকা :
Name of publisher, distributor, etc সূচীপত্র,
Date of publication, distribution, etc 2003.
300 ## - PHYSICAL DESCRIPTION
Pagination 262 p. :
Dimensions 22 cm.
650 ## - SUBJECT ADDED ENTRY--TOPICAL TERM
Topical term or geographic name as entry element Greek Civilization
942 ## - ADDED ENTRY ELEMENTS (KOHA)
Source of classification or shelving scheme Dewey Decimal Classification
Koha item type Books
Holdings
Source of classification or shelving scheme Damaged status Not for loan Home library Current library Shelving location Date of accession Cost, normal purchase price Total Checkouts Full call number Barcode Date last seen Copy number Koha item type
Dewey Decimal Classification     JCC Rouf Library JCC Rouf Library General Stacks 02/24/2018 200.00   938 ALI 2003 1240 02/24/2018 C-1 Books

JCC Library | Contacts | JCC Home

Last Update on 23 September 2017
Copyright @ 2017-2020 JCC Rouf Library
Rouf Library, Jhenidah Cadet College (JCC), Bangladesh